Dans les 2 sens mixte (click quiz) - Statistiques

Statistiques générales
  • Ce quiz a été pris 69 fois
    61 depuis la dernière actualisation
  • Le résultat moyen est 7 sur 8
Statistiques - réponses
Hint Réponse % Correct
Fait de rêver EVER
93%
Crêpe de riz vietnamienne MEN
93%
Choisit TILE
92%
Ventila AREA
88%
On paye avec en Corée du Nord et en Corée du Sud SNOW
88%
Exprimera grâce à la parole ARID
86%
Attachas SAIL
86%
Déchiffrera ARIL
76%
Aucun quiz correspondant
Distribution des résultats
% des personnes avec chaque résultat
Percentile par nombre de réponses
Votre historique - résultats
Vous n’avez pas pris ce quiz depuis la dernière actualisation